Statistiques concernant Trouvez les paroles #7

Cliquez ici pour prendre le quiz!

Statistiques générales

  • Ce quiz a été pris 1 293 fois
  • Le résultat moyen est 184 sur 234

Statistiques - réponses

Paroles% Correct
De
98%
Je
97%
Dans
96%
Dernière
95%
Le
95%
Un
95%
A
94%
Danse
94%
Une
94%
Et
93%
Veux
93%
Juste
92%
La
91%
Par
88%
Silence
87%
J'ai
86%
L'indifférence
86%
Puis
86%
Son
86%
L'ombre
85%
Ma
85%
Se
85%
Avant
84%
Corps
83%
Elle
83%
En
83%
Les
83%
Long
82%
Parcouru
82%
Moi
81%
Que
81%
Visage
81%
Ses
80%
Fait
79%
Fois
79%
Longtemps
79%
Cent
78%
Effleuré
77%
Vertige
77%
Coeur
76%
Encore
76%
Larmes
75%
L'or
75%
Partie
75%
C'est
73%
Essuyant
73%
Même
73%
Pas
73%
Qui
73%
Trouvé
73%
Dessine
72%
Formes
72%
Il
72%
Mais
72%
Bien
71%
Parfois
71%
Plus
71%
Quelques
71%
Appris
70%
Au
70%
Mal
70%
Pureté
70%
Trop
70%
Étoiles
69%
Faute
69%
Pour
69%
Est
68%
On
67%
Peau
67%
Douleur
66%
Qu'elle
66%
Traversé
66%
Flèche
65%
Voyage
65%
L'ai
64%
Regard
64%
Vie
64%
Prépare
63%
Mon
62%
Peut
62%
Seul
62%
Tôt
62%
Homme
61%
Tard
61%
Apercevoir
59%
Déjà
59%
Garde
59%
Sans
59%
Ça
58%
D'avoir
58%
Merci
58%
Connue
57%
Mains
57%
Rien
57%
Connaîs
56%
Ne
56%
Dire
55%
Enchanté
54%
L'histoire
54%
Âme
53%
Partir
52%
Bonheur
50%
Respire
50%
Fallait
48%
Seulement
48%
Vue
48%
Change
46%
Reçu
46%
Ancré
45%
Peux
45%
Demain
41%
Mourir
40%

Distribution des résultats

Percentile par nombre de réponses

% des personnes avec chaque résultat

Votre développement - résultats

Vous n’avez pas pris ce quiz